000 00224nam a2200097Ia 4500
008 240331s9999 xx 000 0 und d
082 _bWEL
100 _aMarga institute
245 0 _aWelfare and growth in Sri Lanka
942 _cL
999 _c2585
_d2585